Mengapa Anwar? : politik dan pemimpin UMNO
| Main Author: | |
|---|---|
| Format: | Book |
| Published: |
Kuala Lumpur :
Gelanggang Publishing ,
1993
|
| Subjects: |
MARC
| LEADER | 00000cam a2200000 7i4500 | ||
|---|---|---|---|
| 001 | 0000002902 | ||
| 002 | 000003140 | ||
| 005 | 20000330.0 | ||
| 020 | |a 9679991904 | ||
| 090 | 0 | 0 | |a 320.9595 |b ZAK |
| 100 | 0 | |a Zakry Abadi | |
| 245 | 1 | 0 | |a Mengapa Anwar? : |b politik dan pemimpin UMNO |c Zakry Abadi |
| 260 | |a Kuala Lumpur : |b Gelanggang Publishing , |c 1993 | ||
| 300 | |a 158p. ; |c 18cm. | ||
| 650 | 0 | 0 | |a Political leaders |z Malaysia |
| 651 | 0 | |a Malaysia |x Politics and government | |
| 999 | |a 036470 |b BUKU |c MALAYSIANA |e PERPUSTAKAAN KOMUNITI PETALING JAYA | ||